Kolik bude banky stát měnová unie?
Komerčné banky členských krajín EÚ a začatie tretej fázy menovej únie a prechod na jednotnú menu v r. 1999-2002. Dve zóny v EÚ po zavedení jednotnej meny - blok s euromenou a blok bez nej. Adaptačné náklady komerčných bánk na prechod k menovej únii. Strata niektorých komparatívnych výhod. Zavádzanie...
Salvato in:
| Autore principale: | |
|---|---|
| Natura: | Capitolo di libro |
| Lingua: | ceco |
| Soggetti: | |
| Tags: |
Nessun Tag, puoi essere il primo ad aggiungerne!!
|
MARC
| LEADER | 00000naa a2200000 4500 | ||
|---|---|---|---|
| 001 | r019649 | ||
| 005 | 20230920091652.4 | ||
| 041 | 0 | |a cze | |
| 044 | |a CZ | ||
| 245 | 1 | 0 | |a Kolik bude banky stát měnová unie? |c M. Tomášek |
| 520 | |a Komerčné banky členských krajín EÚ a začatie tretej fázy menovej únie a prechod na jednotnú menu v r. 1999-2002. Dve zóny v EÚ po zavedení jednotnej meny - blok s euromenou a blok bez nej. Adaptačné náklady komerčných bánk na prechod k menovej únii. Strata niektorých komparatívnych výhod. Zavádzanie jednotnej meny a jej dôsledky pre komerčné banky ČR. | ||
| 610 | 2 | 0 | |a únie menové |
| 610 | 2 | 0 | |a Európa |
| 610 | 2 | 0 | |a euromena |
| 610 | 2 | 0 | |a banky obchodné |
| 610 | 2 | 0 | |a Česko |
| 610 | 2 | 0 | |a Európska únia |
| 100 | 1 | |a Tomášek, M. | |